Fundamentals and Linear Algebra for Chemical Engineer (Record no. 2166)

MARC details
000 -LEADER
fixed length control field 00357nam a22001337a 4500
008 - FIXED-LENGTH DATA ELEMENTS--GENERAL INFORMATION
fixed length control field 250307b |||||||| |||| 00| 0 eng d
020 ## - INTERNATIONAL STANDARD BOOK NUMBER
ISBN 9783527325528
100 ## - MAIN ENTRY--AUTHOR
Author Buzzi-Ferrans Guido
245 ## - TITLE STATEMENT
Title Fundamentals and Linear Algebra for Chemical Engineer
260 ## - PUBLICATION, DISTRIBUTION, ETC. (IMPRINT)
Place of publication Weinheim
Name of publisher Wiley-VCH
Date of publication 2010
300 ## - COLLATION
Pagination XIII,362P
942 ## - ADDED ENTRY ELEMENTS (KOHA)
Item type Books
050 ## - LIBRARY OF CONGRESS CALL NUMBER
Classification number QA251
Item number .B89
Holdings
Source of classification or shelving scheme Not for loan Permanent location Current location Date acquired Accession No. Full call number Barcode. Koha item type
Library of Congress Classification   Samuel Ogbemudia Main Library, University of Abuja Samuel Ogbemudia Main Library, University of Abuja 03/07/2025 2024/64105 QA251.B89 2025-0392 Books